Don Pepe y el desarrollo económico y social de Costa Rica /

Uloženo v:
Podrobná bibliografie
Hlavní autor: Pacheco Fernández, Francisco Antonio
Další autoři: Fallas, Agustín, Zomer Rezler, Clara Silvia, Ulibarri Bilbao, Eduardo
Médium: Text
Témata:
Tagy: Přidat tag
Žádné tagy, Buďte první, kdo vytvoří štítek k tomuto záznamu!

MARC

LEADER 00000 a a2200000 04500
001 16879
003
040
100 |a Pacheco Fernández, Francisco Antonio  
245 |a Don Pepe y el desarrollo económico y social de Costa Rica /  |c Francisco Antonio Pacheco Fernández ; Agustín Fallas ; Clara Silvia Zomer Rezler ; Eduardo Ulibarri Bilbao  
650 |a POLITICA  
650 |a JEFE DE ESTADO  
650 |a DESARROLLO ECONOMICO Y SOCIAL  
650 |a COSTA RICA  
700 |a Fallas, Agustín  
700 |a Zomer Rezler, Clara Silvia  
700 |a Ulibarri Bilbao, Eduardo  
773 |g volumen 14, número 1,2,3; páginas 127-153  
999 |c 31893  |d 31893